| 000 | 00702namaa2200205 i 4500 | ||
|---|---|---|---|
| 001 | 178931 | ||
| 003 | ES-MaACL | ||
| 005 | 20250815110845.0 | ||
| 008 | 110810s1903 fr | |||| ||fre d | ||
| 080 | _a55 | ||
| 100 | 0 |
_aMeunier, Stanislas. _980761 |
|
| 245 | 1 | 3 |
_aLa géologie générale / _cpar Stanislas Meunier. |
| 260 |
_aParis : _bFélix Alcan : _bAncienne Librairie Germer Baillière et Cª, _c1903. |
||
| 300 |
_aVI, 336 p. : _bil. ; _c22 cm. |
||
| 490 | 1 |
_aBibliothèque scientifique internationale ; _v98 |
|
| 650 | 0 | 7 |
_aGeología _2embne _913086 |
| 830 | 0 |
_aBibliothèque scientifique internationale ; _v98 _9186949 |
|
| 852 |
_aES-MaACL _jF-14426 |
||
| 999 |
_c178931 _d178931 |
||